|
|
|
|
| LEADER |
00000nab a2200000uu 4500 |
| 001 |
vtls011480712 |
| 003 |
SK-MaSNL |
| 005 |
20260303155936.0 |
| 008 |
230222|2004 xo |||||||||||||||||eng| |
| 015 |
|
|
|a SNBRB
|
| 035 |
|
|
|a (urnnbn)urn:nbn:sk:snk:ar-005d8j
|
| 035 |
|
|
|a (uuid)cfe4ecfd-8ca2-4b54-ac68-58ff69456f4d
|
| 035 |
|
|
|a urn:nbn:sk:snk-abd876
|
| 040 |
|
|
|a SNKBUCL
|b slo
|c SNKBUCL
|e AACR2
|
| 041 |
0 |
|
|a eng
|
| 044 |
|
|
|a xo
|c SK
|
| 100 |
1 |
|
|a Silbernagel, A.
|4 aut
|9 813630
|
| 245 |
1 |
0 |
|a POSSIBILITIES OF MAGNESIUM EXTRUSION WITH USE OF THE ECAP METHOD
|c A. Silbernagel, R. Kocich, L. Čížek, S. Rusz, M. Greger
|
| 246 |
3 |
|
|a MOŽNOSTI EXTRÚZIE HORČÍKA PRI POUŽITÍ METÓDY ECAP
|
| 700 |
1 |
|
|a Čížek, L.
|4 aut
|9 689783
|
| 700 |
1 |
|
|a Greger, M.
|4 aut
|9 798870
|
| 700 |
1 |
|
|a Kocich, R.
|4 aut
|9 790016
|
| 700 |
1 |
|
|a Rusz, S.
|4 aut
|9 813011
|
| 773 |
0 |
|
|t Acta Metallurgica Slovaca : časopis Hutníckej fakulty Technickej univerzity Košice
|g Roč. 10, č. 1 (2004), s. 499-503
|
| 958 |
|
|
|a OND
|
| 958 |
|
|
|a EUIPO
|
| 958 |
|
|
|a article18
|
| 999 |
|
|
|c 2043521
|d 2045451
|